| 000 | 00682nam a2200217 i 4500 | ||
|---|---|---|---|
| 001 | 110637 | ||
| 003 | ES-MaACL | ||
| 005 | 20230906185119.0 | ||
| 007 | t| | ||
| 008 | 070206s1923 sp ||||1| spa d | ||
| 080 | _a821.134.2-32"19" | ||
| 100 | 1 |
_aOrtiz de Pinedo, José. _987603 |
|
| 245 | 1 | 0 |
_aDe mi vida y milagros _b: novela inédita / _cJ. Ortiz de Pinedo ; (ilustraciones de Melendreras). |
| 260 |
_a[Madrid : _bLa Novela Corta, _c1923] |
||
| 300 |
_a[24] p. : _bil. ; _c20 cm. |
||
| 490 | 1 |
_aLa novela corta ; _v415 |
|
| 700 | 1 |
_aMelendreras. _979933 |
|
| 830 | 0 |
_aLa novela corta ; _v415 _9182142 |
|
| 852 |
_aES-MaACL _j2213-F-51 _bR.138659 |
||
| 999 |
_c110637 _d110637 |
||